[Event "London Golders Green op U1900 3rd"]
[Site "London"]
[Date "2014.05.04"]
[Round "3"]
[White "Rocco, Federico"]
[Black "Ngulube, Michael"]
[Result "1-0"]
[WhiteElo "1750"]
[BlackElo "1691"]
[PlyCount "173"]
[EventDate "2014.05.03"]
[EventType "swiss"]
[EventRounds "6"]
[EventCountry "ENG"]
[SourceTitle "EXT 2018"]
[Source "ChessBase"]
[SourceDate "2017.10.13"]
[SourceVersion "1"]
[SourceVersionDate "2017.10.13"]
[SourceQuality "1"]

1. c4 c5 2. Nc3 Nc6 3. g3 g6 4. Bg2 Bg7 5. e3 e6 6. Nge2 Nge7 7. 0-0 0-0 8. b3 d5 9. cxd5 Nxd5 10. Bb2 Ndb4 11. Na4 Nd3 12. Bxg7 Kxg7 13. Be4 Ncb4 14. a3 f5 15. Bg2 Na6 16. Nc1 Rb8 17. Nxd3 Qxd3 18. Rc1 b6 19. Nb2 Qd7 20. Nc4 Rd8 21. d4 Bb7 22. Ne5 Qd6 23. Bxb7 Rxb7 24. Qe2 b5 25. Rfd1 Rdb8 26. Nf3 cxd4 27. Nxd4 Qb6 28. Rc6 Qa5 29. Nxe6+ Kg8 30. Rdd6 Nc7 31. Nxc7 Rxc7 32. Rxc7 Qxc7 33. Qd2 Rb7 34. Qd5+ Kg7 35. Rc6 Qe7 36. Rc5 Rd7 37. Qe5+ Qxe5 38. Rxe5 a6 39. Re6 Rd3 40. Rxa6 Rxb3 41. Rb6 Rxa3 42. Rxb5 Kh6 43. Rb7 Ra6 44. Rf7 Ra5 45. h4 Ra4 46. Kg2 Rb4 47. f3 Rb2+ 48. Kh3 Rf2 49. f4 Re2 50. Re7 Re1 51. Kg2 Re2+ 52. Kf3 Re1 53. Kf2 Rb1 54. e4 Rb2+ 55. Kf3 Rb3+ 56. Kg2 Rb2+ 57. Kh3 fxe4 58. Rxe4 Rb3 59. Re7 Ra3 60. Kg2 Rb3 61. Kf2 Ra3 62. Re3 Ra2+ 63. Kf3 Ra7 64. Re5 Rf7 65. Kg4 Rf8 66. Re7 Rc8 67. Re3 Rc5 68. Kf3 Ra5 69. g4 Ra7 70. Rd3 Rb7 71. Rc3 Ra7 72. Kg2 Ra2+ 73. Kh3 Ra5 74. h5 gxh5 75. Rc6+ Kg7 76. g5 Ra4 77. Kg3 Ra1 78. Rh6 Rh1 79. Ra6 Rg1+ 80. Kf3 Rc1 81. Ke4 Rb1 82. Rh6 Re1+ 83. Kf5 Rh1 84. Ra6 Rg1 85. Ra7+ Kg8 86. Kf6 h6 87. g6 1-0

[Event "London Classic op-A U2000 5th"]
[Site "London"]
[Date "2013.12.10"]
[Round "2"]
[White "Ngulube, Michael"]
[Black "Baroukh, Leon"]
[Result "0-1"]
[WhiteElo "1670"]
[BlackElo "1824"]
[PlyCount "74"]
[EventDate "2013.12.09"]
[EventType "swiss"]
[EventRounds "5"]
[EventCountry "ENG"]
[SourceTitle "EXT 2016"]
[Source "ChessBase"]
[SourceDate "2015.10.08"]
[SourceVersion "1"]
[SourceVersionDate "2015.10.08"]
[SourceQuality "1"]

1. d4 d5 2. c4 c6 3. e3 Nf6 4. Nf3 Bg4 5. h3 Bh5 6. Qb3 Qc7 7. g4 Bg6 8. Ne5 Nbd7 9. Nxg6 hxg6 10. Bg2 e6 11. c5 b6 12. cxb6 axb6 13. Nd2 e5 14. g5 Nh7 15. h4 e4 16. Qd1 f5 17. gxf6 Nhxf6 18. f4 c5 19. Nb3 c4 20. Nd2 Bb4 21. a3 c3 22. bxc3 Qxc3 23. Kf2 Qxa1 24. axb4 Qc3 25. Bh3 Qxb4 26. Bxd7+ Kxd7 27. Qg1 Rh6 28. h5 Ra2 29. Ke1 Qc3 30. Ke2 Qd3+ 31. Kf2 Rxd2+ 32. Bxd2 Qxd2+ 33. Kg3 Nxh5+ 34. Kg4 Nf6+ 35. Kg5 Nh7+ 36. Kg4 Qe2+ 37. Kg3 Qf3# 0-1

[Event "Hampstead op U2200 06"]
[Site "Hampstead"]
[Date "2013.06.29"]
[Round "2"]
[White "Byrne, Ken J"]
[Black "Ngulube, Michael"]
[Result "0-1"]
[WhiteElo "1194"]
[BlackElo "1685"]
[PlyCount "89"]
[EventDate "2013.06.29"]
[EventType "swiss"]
[EventRounds "5"]
[EventCountry "ENG"]
[SourceTitle "EXT 2014"]
[Source "ChessBase"]
[SourceDate "2013.11.20"]
[SourceVersion "1"]
[SourceVersionDate "2013.11.20"]
[SourceQuality "1"]

1. c4 c5 2. g3 g6 3. Nc3 Nc6 4. Bg2 Bg7 5. Nf3 Nf6 6. e3 0-0 7. d4 cxd4 8. Nxd4 Nxd4 9. exd4 Qc7 10. b3 a6 11. Bf4 d6 12. 0-0 Nh5 13. Nd5 Qd8 14. Qd2 e6 15. Bh6 exd5 16. Bxd5 Bxh6 17. Qxh6 Nf6 18. Qg5 Kg7 19. Bg2 h6 20. Qd2 Rb8 21. d5 b5 22. Qd4 Bf5 23. h3 h5 24. Rac1 Qa5 25. cxb5 Rxb5 26. Rc6 Rd8 27. Rfc1 Qxa2 28. Rc8 Rxc8 29. Rxc8 Bxc8 30. Bf1 Rxd5 31. Qc4 Be6 32. Qc6 Ne4 33. Qb6 Rd2 34. Qe3 Nxf2 35. Qc3+ Kh7 36. g4 hxg4 37. hxg4 Bxg4 38. Qg3 Be6 39. Qh4+ Kg7 40. Qb4 Nh3+ 41. Bxh3 Bxh3 42. Qc3+ Kg8 43. Qxh3 Rd1+ 44. Qf1 Rxf1+ 45. Kxf1 0-1

[Event "Sunningdale e2e4 op U1800 05"]
[Site "Sunningdale"]
[Date "2013.05.27"]
[Round "6"]
[White "Raeburn, Andrew L"]
[Black "Ngulube, Michael"]
[Result "1-0"]
[WhiteElo "1763"]
[BlackElo "1696"]
[PlyCount "131"]
[EventDate "2013.05.25"]
[EventType "swiss"]
[EventRounds "7"]
[EventCountry "ENG"]
[SourceTitle "EXT 2014"]
[Source "ChessBase"]
[SourceDate "2013.11.20"]
[SourceVersion "1"]
[SourceVersionDate "2013.11.20"]
[SourceQuality "1"]

1. e4 e5 2. Nf3 Nc6 3. Bb5 a6 4. Ba4 Nf6 5. 0-0 Be7 6. Re1 b5 7. Bb3 d6 8. c3 0-0 9. d4 Bg4 10. d5 Na5 11. Bc2 c6 12. Bg5 h6 13. Bxf6 Bxf6 14. h3 Bh5 15. Nbd2 Rc8 16. Nf1 Nc4 17. Rb1 Qa5 18. Bb3 cxd5 19. Qxd5 Bxf3 20. gxf3 Nxb2 21. Rxb2 Qxc3 22. Rbe2 Qxf3 23. Re3 Qh5 24. Qd1 Qxd1 25. Rxd1 Be7 26. Rg3 Kh8 27. Ne3 g6 28. Nd5 Bd8 29. Nb4 a5 30. Nd3 a4 31. Bd5 Ba5 32. Rb1 Rb8 33. Nb4 Rb6 34. Rc3 f5 35. Rc6 fxe4 36. Bxe4 Rf4 37. Nd5 Rxc6 38. Nxf4 Rc4 39. Nxg6+ Kg7 40. f3 Bb6+ 41. Kf1 Rxe4 42. fxe4 Kxg6 43. Rxb5 Bc5 44. Kg2 Kg5 45. Kg3 Kh5 46. Rb8 a3 47. Rb7 Bd4 48. Rf7 Bc3 49. Rf5+ Kg6 50. Kg4 Bb4 51. h4 Bc5 52. h5+ Kg7 53. Rf3 Bb4 54. Kf5 Kf7 55. Rb3 Bc5 56. Rb7+ Kf8 57. Kg6 Be3 58. Rd7 Ke8 59. Rxd6 Ke7 60. Rd3 Bc1 61. Rb3 Kd6 62. Kf5 Bb2 63. Rb6+ Ke7 64. Rxh6 Kf7 65. Rh7+ Kg8 66. Rb7 1-0

[Event "Sunningdale e2e4 op U1800 05"]
[Site "Sunningdale"]
[Date "2013.05.25"]
[Round "3"]
[White "Ngulube, Michael"]
[Black "Allen, Timothy S"]
[Result "1-0"]
[WhiteElo "1696"]
[BlackElo "1601"]
[PlyCount "83"]
[EventDate "2013.05.25"]
[EventType "swiss"]
[EventRounds "7"]
[EventCountry "ENG"]
[SourceTitle "EXT 2014"]
[Source "ChessBase"]
[SourceDate "2013.11.20"]
[SourceVersion "1"]
[SourceVersionDate "2013.11.20"]
[SourceQuality "1"]

1. d4 d5 2. c4 e5 3. dxe5 d4 4. g3 Nc6 5. Nf3 Be6 6. b3 Nge7 7. Bg5 h6 8. Bf4 Ng6 9. Bg2 Nxf4 10. gxf4 Bb4+ 11. Nbd2 Qd7 12. 0-0 Bh3 13. e3 Bxg2 14. Kxg2 0-0-0 15. Ne4 Be7 16. a3 g5 17. Nxd4 Nxd4 18. exd4 gxf4 19. d5 Qf5 20. Qd4 Kb8 21. f3 Rhg8+ 22. Kh1 Qh3 23. Qf2 Rg6 24. Rg1 Rdg8 25. d6 Rxg1+ 26. Rxg1 Rxg1+ 27. Kxg1 cxd6 28. exd6 Bd8 29. Qg2 Qh5 30. Qg8 Qg6+ 31. Qxg6 fxg6 32. Kf2 b6 33. Ke2 Kc8 34. b4 Kd7 35. Kd3 g5 36. Kd4 h5 37. h3 Ke6 38. c5 bxc5+ 39. bxc5 g4 40. hxg4 hxg4 41. fxg4 f3 42. Ke3 1-0

[Event "Sunningdale e2e4 op U1800 05"]
[Site "Sunningdale"]
[Date "2013.05.25"]
[Round "1"]
[White "Ngulube, Michael"]
[Black "Richardson, Paul"]
[Result "1-0"]
[WhiteElo "1696"]
[BlackElo "1518"]
[PlyCount "69"]
[EventDate "2013.05.25"]
[EventType "swiss"]
[EventRounds "7"]
[EventCountry "ENG"]
[SourceTitle "EXT 2014"]
[Source "ChessBase"]
[SourceDate "2013.11.20"]
[SourceVersion "1"]
[SourceVersionDate "2013.11.20"]
[SourceQuality "1"]

1. d4 Nf6 2. c4 c5 3. d5 b5 4. cxb5 a6 5. bxa6 g6 6. Nc3 Bxa6 7. e4 Bxf1 8. Kxf1 d6 9. g3 Bg7 10. Kg2 0-0 11. Nf3 Nbd7 12. h3 Qa5 13. Re1 Ne8 14. Qc2 Nc7 15. Bg5 Rfe8 16. Rab1 Nb5 17. Nxb5 Qxb5 18. b3 Qa5 19. a4 Qc3 20. Rec1 Qxc2 21. Rxc2 Nb8 22. e5 f6 23. exf6 Bxf6 24. Re2 Nd7 25. Rbe1 Kf7 26. Re6 Nb6 27. Bxf6 exf6 28. Rxd6 Rxe1 29. Nxe1 Rb8 30. Nd3 Nc8 31. Rc6 Ne7 32. Rc7 Rxb3 33. Nxc5 Rb6 34. Nb7 Ke8 35. d6 1-0

[Event "Hampstead op U2200 02"]
[Site "Hampstead"]
[Date "2013.02.17"]
[Round "4"]
[White "Ngulube, Michael"]
[Black "Hayward, Alan"]
[Result "0-1"]
[WhiteElo "1666"]
[BlackElo "1925"]
[PlyCount "48"]
[EventDate "2013.02.16"]
[EventType "swiss"]
[EventRounds "5"]
[EventCountry "ENG"]
[SourceTitle "EXT 2014"]
[Source "ChessBase"]
[SourceDate "2013.11.20"]
[SourceVersion "1"]
[SourceVersionDate "2013.11.20"]
[SourceQuality "1"]

1. d4 d5 2. c4 Nc6 3. Nc3 Nf6 4. cxd5 Nxd5 5. e4 Nxc3 6. bxc3 e5 7. d5 Nb8 8. Qb3 Nd7 9. Nf3 Bd6 10. Bg5 f6 11. Be3 0-0 12. Bb5 a6 13. Bxd7 Bxd7 14. 0-0 f5 15. Nd2 f4 16. Bxf4 Rxf4 17. c4 b6 18. g3 Rf7 19. Kg2 Qg5 20. Rad1 Raf8 21. f3 Bc5 22. Rfe1 Rf6 23. Re2 Rh6 24. a3 Rxh2+ 0-1

[Event "Hampstead op U2200 02"]
[Site "Hampstead"]
[Date "2013.02.16"]
[Round "2"]
[White "Ngulube, Michael"]
[Black "Hung, Dylan"]
[Result "1-0"]
[WhiteElo "1666"]
[BlackElo "1490"]
[PlyCount "63"]
[EventDate "2013.02.16"]
[EventType "swiss"]
[EventRounds "5"]
[EventCountry "ENG"]
[SourceTitle "EXT 2014"]
[Source "ChessBase"]
[SourceDate "2013.11.20"]
[SourceVersion "1"]
[SourceVersionDate "2013.11.20"]
[SourceQuality "1"]

1. d4 d5 2. c4 c6 3. cxd5 cxd5 4. Nc3 Nf6 5. Nf3 Bf5 6. e3 e6 7. Bd3 Bg4 8. h3 Bxf3 9. Qxf3 Bb4 10. 0-0 Nc6 11. Ne2 Qd6 12. a3 Ba5 13. b4 Bc7 14. g3 h5 15. Nf4 h4 16. Bb2 g5 17. Ng6 fxg6 18. Qxf6 Kd7 19. Qxg5 hxg3 20. fxg3 Rxh3 21. Rf7+ Ne7 22. Bb5+ Kc8 23. Rf8+ Bd8 24. Rc1+ Nc6 25. Rxd8+ Qxd8 26. Qg4 Rh6 27. Bxc6 bxc6 28. Qxe6+ Qd7 29. Rxc6+ Kd8 30. Rd6 Rh7 31. Rxd7+ Rxd7 32. Qg8+ 1-0

[Event "Hampstead op U2200 02"]
[Site "Hampstead"]
[Date "2013.02.16"]
[Round "3"]
[White "Pink, Joshua"]
[Black "Ngulube, Michael"]
[Result "0-1"]
[WhiteElo "1808"]
[BlackElo "1666"]
[PlyCount "86"]
[EventDate "2013.02.16"]
[EventType "swiss"]
[EventRounds "5"]
[EventCountry "ENG"]
[SourceTitle "EXT 2014"]
[Source "ChessBase"]
[SourceDate "2013.11.20"]
[SourceVersion "1"]
[SourceVersionDate "2013.11.20"]
[SourceQuality "1"]

1. e4 e5 2. Nf3 Nc6 3. Bb5 a6 4. Bxc6 dxc6 5. 0-0 Bg4 6. h3 Bh5 7. g4 Bg6 8. Nxe5 Qd4 9. Nxg6 hxg6 10. Qf3 0-0-0 11. d3 Bd6 12. Nc3 Nf6 13. Kg2 Rh7 14. Bf4 Bxf4 15. Qxf4 Rdh8 16. Rh1 Kb8 17. Qe3 Qd7 18. f3 Rh4 19. Na4 Nh7 20. Nc5 Qd8 21. f4 Nf6 22. g5 Nh5 23. Raf1 f6 24. Rf3 fxg5 25. fxg5 Qd6 26. Rhf1 Nf4+ 27. Rxf4 Rxh3 28. Nd7+ Kc8 29. Rf8+ Kxd7 30. Qxh3+ Rxh3 31. R1f7+ Ke6 32. Kxh3 Qc5 33. Rf2 Qxg5 34. Rb8 b6 35. Rg2 Qh5+ 36. Kg3 g5 37. Rf8 Qh4+ 38. Kf3 Qh3+ 39. Kf2 g4 40. Rf4 Qh4+ 41. Rg3 Qh2+ 42. Rg2 Qxf4+ 43. Ke2 Qf3+ 0-1